Statistika na Fakultě managementu VŠE

Obsah výučby štatistických, matematických a informatických predmetov na Fakulte managementu v Jindřichovom Hradci. Interdisciplinárne predmety. Ukážka seminárnej práce z predmetu Techniky ekonomického modelovania na PC.

Enregistré dans:
Détails bibliographiques
Auteur principal: Bartošová, Jitka
Format: Chapitre de livre
Langue:tchèque
Sujets:
Tags: Ajouter un tag
Pas de tags, Soyez le premier à ajouter un tag!

MARC

LEADER 00000naa$a2200000$$$4500
001 0070310
005 20220519132017.5
041 0 |a cze 
044 |a SK 
245 1 0 |a Statistika na Fakultě managementu VŠE  |c Jitka Bartošová 
520 |a Obsah výučby štatistických, matematických a informatických predmetov na Fakulte managementu v Jindřichovom Hradci. Interdisciplinárne predmety. Ukážka seminárnej práce z predmetu Techniky ekonomického modelovania na PC. 
610 2 0 |a vyučovanie 
610 2 0 |a predmety učebné 
610 2 0 |a školy vysoké odborné 
610 2 0 |a štatistika 
610 2 0 |a modelovanie 
610 2 0 |a Česko 
100 1 |a Bartošová, Jitka